Pokémon - Plus Puissants par type : sans Légendaire/méga/UC/paradoxe - Statistiques

Statistiques générales
  • Ce quiz a été pris 70 fois
  • Le résultat moyen est 28 sur 90
Statistiques - réponses
Eau Stat % Correct
Dracolosse 600
91%
Dracolosse 600
91%
Carchacrok 600
67%
Carchacrok 600
67%
Drattak 600
67%
Leviator 540
64%
Léviator 540
64%
Métalosse 600
61%
Métalosse 600
61%
Trioxhydre 600
61%
Braségali 530
58%
Lanssorien 600
58%
Lanssorien 600
58%
Florizarre 525
55%
Tyranocif 600
55%
Tyranocif 600
55%
Galeking 530
52%
Monaflèmit 670
48%
Sachanobi 640
48%
Sachanobi 640
48%
Ekaiser 600
45%
Maganon 540
45%
Gardevoir 518
42%
Glaivodo 600
42%
Glaivodo 600
42%
Leuphorie 540
42%
Nymphali 525
42%
Ronflex 540
42%
Simiabraz 534
42%
Élekable 540
39%
Florges 552
39%
Laggron 535
39%
Pyrax 550
39%
Pyrax 550
39%
Milobellus 540
36%
Arcanin 555
33%
Miascarade 530
33%
Miascarade 530
33%
Magnezone 535
30%
Scalpereur 550
30%
Scalpereur 550
30%
Aéroptéryx 567
27%
Aéroptéryx 567
27%
Flamigator 530
27%
Oratoria 530
27%
Voltali 525
27%
Gorythmic 530
24%
Lokhlass 535
24%
Mammochon 530
24%
Palmaval 530
24%
Rhinastoc 535
24%
Rhinastoc 535
24%
Superdofin 650
24%
Goupelin 534
21%
Luxray 523
21%
Pondralugon 600
21%
Pondralugon 600
21%
Togekiss 545
21%
Togékiss 545
21%
Darumacho (mode transe) 540
18%
Muplodocus de hisui 600
18%
Rosérade 515
18%
Ursaking 550
18%
Ursaking 550
18%
Ursaking (lune vermeille) 555
18%
Ursaking (lune vermeille) 555
18%
Caratroc 505
15%
Floréclat 525
15%
Froussardine 620
15%
Nostenfer 535
15%
Courrousinge 535
12%
Courrousinge 535
12%
Gromago 550
12%
Gromago 550
12%
Noadkoko 530
12%
Pomdorochi 540
12%
Sarmurai 530
12%
Bouldeneu 535
9%
Motisma 520
9%
Scolocendre 525
9%
Sorbouboul 535
9%
Typhlosion de hisui 534
9%
Yanmega 515
9%
Carmadura 525
6%
Darumacho de galar (mode transe) 540
6%
Darumacho de galar (mode transe) 540
6%
Arcanin de hisui 555
3%
Chevroum 531
3%
Arcanin de hisui 555
3%
Tentacruel 515
3%
Aucun quiz correspondant
Distribution des résultats
% des personnes avec chaque résultat
Percentile par nombre de réponses
Votre historique - résultats
Vous n’avez pas pris ce quiz